000 00675nam a2200205Ia 4500
005 20250508165419.0
008 008 250505s9999 xx 000 0 hin d
037 _aReference
040 _aFEDL
_beng
_cFEDL
041 _ahin
_2hin
084 _a891.43, NCE/RR
_qFEDL
245 0 _aBharat ki khoj: Kaksha 8 ke liye hindi ki purak ki sahayak pustak
245 0 _cNCERT
260 _aNew Delhi, India
_bNational Council of Educational Research and Training
_c2009
300 _a88p.
365 _aINR
_b400
546 _aJawaharlal Nehru ki pustak Bharat ki khoj ka sankshipt roop; Gifted
942 _cREF
_h891.43, NCE/RR
999 _c1394979
_d1394979